| 000 | 01012nac a22002291u 4500 | ||
|---|---|---|---|
| 008 | 100906t xxu||||| |||| 00| 0 eng d | ||
| 010 | _a 94021732 | ||
| 020 | _a0077079906 | ||
| 082 | 0 | 0 |
_a690.24 _bBEC |
| 100 |
_aBeckmann, Poul, _918239 |
||
| 245 | 1 | 0 |
_aStructural Aspects of Building Conservation / _cPoul Beckmann. |
| 260 |
_aNew York : _bMcGraw-Hill,1995 _cc1995. |
||
| 300 |
_axix, 286 p. : _bill. ; _c24 cm. |
||
| 490 |
_918016 _aMcGraw-Hill Series in Civil Engineering |
||
| 504 | _aIncludes bibliographical references (p. 271-275) and index. | ||
| 650 | 0 |
_aHistoric buildings _xConservation and restoration. _918240 |
|
| 650 | 0 |
_aHistoric buildings _xMaintenance and repair. _918241 |
|
| 650 | 0 |
_aHistoric buildings _xRemodeling for other use. _918242 |
|
| 650 | 0 |
_aStructural analysis (Engineering) _918243 |
|
| 942 |
_cBB _k690.24BEC _2ddc |
||
| 999 |
_c3799 _d3799 |
||